|
|
|
|
| LEADER |
00000nab a2200000uu 4500 |
| 001 |
vtls011528013 |
| 003 |
SK-MaSNL |
| 005 |
20260304025151.0 |
| 008 |
230121|1926 xo |||||||||||||||||slo| |
| 015 |
|
|
|a SNBRB
|
| 035 |
|
|
|a (urnnbn)urn:nbn:sk:snk:ar-a08vut
|
| 035 |
|
|
|a (uuid)47c01baf-53bc-4f47-a5ab-ec6053cc8642
|
| 035 |
|
|
|a urn:nbn:sk:snk-abeeqp
|
| 040 |
|
|
|a SNKBUCL
|b slo
|c SNKBUCL
|e AACR2
|
| 041 |
0 |
|
|a slo
|
| 044 |
|
|
|a xo
|c SK
|
| 100 |
1 |
|
|a Drobný, Ján,
|d 1880-1930
|4 aut
|9 153227
|
| 245 |
1 |
0 |
|a František z Assisi, predreformátor cirkvi
|c Ján Drobný
|
| 600 |
0 |
7 |
|a František z Assisi,
|c svätý,
|d 1182-1226
|2 SNKMA
|9 157754
|
| 773 |
0 |
|
|t Cirkevné listy : časopis venovaný záujmom cirkve evanjelickej a. v.
|g Roč. 40, č. 10-11 (1926), s. 160-165
|
| 954 |
|
|
|a odborná, vedecká literatúra pôvodná (slovenská)
|2 lita
|
| 958 |
|
|
|a ONDV
|
| 958 |
|
|
|a article21
|
| 999 |
|
|
|c 2625735
|d 2627665
|